Algunas notas introductorias sobre resultados del plan nacional de participación popular en salud en Costa Rica.
Gorde:
| Formatua: | Texto |
|---|---|
| Gaiak: | |
| Etiketak: |
Etiketa erantsi
Etiketarik gabe, Izan zaitez lehena erregistro honi etiketa jartzen!
|
MARC
| LEADER | 00000 a a2200000 04500 | ||
|---|---|---|---|
| 001 | 47539 | ||
| 003 | |||
| 040 | |||
| 090 | |a REV0857 6 (17) 1980 | ||
| 245 | |a Algunas notas introductorias sobre resultados del plan nacional de participación popular en salud en Costa Rica. | ||
| 500 | |a Ponencia presentada por la Escuela de Trabajo Social de la Universidad de Costa Rica, al VII Seminario Regional del Programa Centroaméricano de Ciencias de la Salud del CSUCA sobre " Sistemas de Salud y Participción Popular en Centroamérica# | ||
| 650 | |a PARTICIPACION POPULAR | ||
| 650 | |a SECTOR SALUD | ||
| 650 | |a POBLACION | ||
| 650 | |a SISTEMAS DE SALUD | ||
| 650 | |a COSTA RICA | ||
| 773 | |g volumen6, número17, setiembre-diciembre (1980) | ||
| 999 | |c 22174 |d 22174 | ||
